Triple J Hottest 100, Songs of 1994 - Statistics

General Stats
  • This quiz has been taken 222 times
  • The average score is 25 of 100
Answer Stats
# Country of Origin Song Artist % Correct
1 Ireland Zombie The Cranberries
95%
22 USA Black Hole Sun Soundgarden
74%
46 USA My Wave Soundgarden
74%
51 USA Spoonman Soundgarden
74%
53 USA Fell on Black Days Soundgarden
74%
18 USA Longview Green Day
73%
24 USA Basket Case Green Day
73%
29 USA Beercan Beck
66%
45 USA Loser Beck
66%
7 USA About a Girl Nirvana
65%
16 USA Sabotage Beastie Boys
59%
15 USA All I Wanna Do Sheryl Crow
58%
63 UK Parklife Blur
56%
96 UK Girls & Boys (Pet Shop Boys Remix) Blur
56%
70 USA What's the Frequency, Kenneth? R.E.M.
56%
3 USA Self Esteem The Offspring
52%
4 USA Come Out and Play The Offspring
52%
47 USA Einstein on the Beach (For an Eggman) Counting Crows
50%
48 USA Mr. Jones Counting Crows
50%
91 USA Round Here Counting Crows
50%
2 USA Closer Nine Inch Nails
47%
17 USA Interstate Love Song Stone Temple Pilots
47%
54 USA Vasoline Stone Temple Pilots
47%
69 Canada Mmm Mmm Mmm Mmm Crash Test Dummies
44%
32 USA Fade into You Mazzy Star
41%
36 USA Spin the Black Circle Pearl Jam
40%
28 USA Doll Parts Hole
39%
34 USA Miss World Hole
39%
25 USA Today The Smashing Pumpkins
39%
90 USA Dancing in the Moonlight The Smashing Pumpkins
39%
40 USA Undone – The Sweater Song Weezer
39%
12 UK Laid James
35%
30 Australia Confide in Me Kylie Minogue
35%
35 USA Cornflake Girl Tori Amos
34%
27 USA I Alone Live
31%
5 Australia Tomorrow Silverchair
31%
80 USA No Excuses Alice in Chains
29%
61 USA Hey Jealousy Gin Blossoms
29%
6 USA Seether Veruca Salt
25%
42 UK Absolutely Fabulous Pet Shop Boys
24%
92 USA Shine Collective Soul
22%
97 Jamaica Here Comes the Hotstepper Ini Kamoze
21%
37 UK Voodoo People The Prodigy
21%
68 USA Feel the Pain Dinosaur Jr.
19%
26 Senegal/Sweden 7 Seconds Youssou N'Dour and Neneh Cherry
19%
65 USA Bull in the Heather Sonic Youth
18%
78 USA Low Cracker
15%
89 USA Regulate Warren G and Nate Dogg
15%
60 USA Cut Your Hair Pavement
13%
9 UK If Only I Knew Tom Jones
13%
33 USA Supernova Liz Phair
12%
87 UK The More You Ignore Me, the Closer I Get Morrissey
12%
11 Australia Do You Love Me? Nick Cave and the Bad Seeds
12%
86 Australia Thirsty Dog Nick Cave and the Bad Seeds
12%
14 Australia Better Get a Lawyer The Cruel Sea
12%
57 UK Burn The Cure
12%
88 UK Purple Haze The Cure
12%
56 Australia Bizarre Love Triangle Frente!
11%
100 USA Stay (I Missed You) Lisa Loeb and Nine Stories
11%
67 USA Andres L7
10%
84 USA Saints The Breeders
10%
23 Australia Berlin Chair You Am I
10%
77 Australia Jaimme's Got a Gal You Am I
10%
44 UK Swamp Thing The Grid
9%
41 USA Your Ghost Kristin Hersh
8%
43 Australia Monkey and the Turtle Christine Anu
7%
72 Denmark Lucas with the Lid Off Lucas
7%
8 Australia Coma Max Sharam
7%
82 Canada Piece of Crap Neil Young
7%
50 Australia Daddy Long Legs Tumbleweed
7%
66 Sweden Hobo Humpin' Slobo Babe Whale
7%
55 Australia La Di Doh Ed Kuepper
6%
49 Australia Amen (Testament Remix) Falling Joys
6%
76 UK American Life in the Summertime Francis Dunnery
6%
20 Australia Time Bomb Nick Barker
6%
38 Australia Atomic Electric Rebecca's Empire
6%
31 Australia Fall Single Gun Theory
6%
39 USA Mathar The Dave Pike Set
6%
98 Canada A Certain Slant of Light The Tea Party
6%
19 Australia Losin' It Underground Lovers
6%
71 USA Dropout Urge Overkill
6%
94 UK Gallows Pole Page and Plant
5%
52 Australia Lap It Up Penny Flanagan
5%
64 USA A Conspiracy The Black Crowes
5%
59 UK Sometimes Always The Jesus and Mary Chain
5%
13 UK Bug Powder Dust Bomb the Bass
4%
21 Australia Sweetness and Light Itch-E and Scratch-E
4%
83 USA Am I Wrong? Love Spit Love
4%
10 Australia Dead Eyes Opened '94 Severed Heads
4%
99 Benin Agolo Angélique Kidjo
3%
79 Australia I'm Gonna Release Your Soul Dave Graney 'n' the Coral Snakes
3%
95 Australia Masses Like Asses Def FX
3%
75 USA You Got Me Floatin' P.M. Dawn
3%
58 UK Everything's Cool Pop Will Eat Itself
3%
74 Australia Neighbourhood Freak Swoop
3%
85 USA Blues Music G. Love & Special Sauce
2%
62 Australia Lemon Sparked Pale
2%
81 New Zealand In the Neighbourhood Sisters Underground
2%
73 Australia Alone Like Me The Sharp
2%
93 Australia Wildflowers Things of Stone and Wood
2%
No matching quizzes found
Score Distribution
Percent of People with Each Score
Percentile by Number Answered
Your Score History
You have not taken this quiz